<?xml version="1.0" encoding="UTF-8"?>
<collection xmlns="http://www.loc.gov/MARC21/slim">
 <record>
  <leader>01303nam a22002057a 4500</leader>
  <controlfield tag="001">NCT_4_011151</controlfield>
  <controlfield tag="008">240618b        xxu||||| |||| 00| 0 vie d</controlfield>
  <datafield tag="999" ind1=" " ind2=" ">
   <subfield code="c">8511</subfield>
   <subfield code="d">8511</subfield>
  </datafield>
  <datafield tag="020" ind1=" " ind2=" ">
   <subfield code="a">9786047783045</subfield>
   <subfield code="c">189000</subfield>
  </datafield>
  <datafield tag="082" ind1="0" ind2="4">
   <subfield code="2">23rd ed.</subfield>
   <subfield code="a">659.1</subfield>
   <subfield code="b">Th500</subfield>
  </datafield>
  <datafield tag="100" ind1="0" ind2=" ">
   <subfield code="a">Không Thủ</subfield>
  </datafield>
  <datafield tag="245" ind1=" " ind2=" ">
   <subfield code="a">Giải mã copy writing :</subfield>
   <subfield code="b">Write your brand lit</subfield>
   <subfield code="c">Không Thủ; Nguyễn Thùy Dung (dịch)</subfield>
  </datafield>
  <datafield tag="260" ind1=" " ind2=" ">
   <subfield code="a">H.</subfield>
   <subfield code="b">Thế giới</subfield>
   <subfield code="c">2023</subfield>
  </datafield>
  <datafield tag="300" ind1=" " ind2=" ">
   <subfield code="a">478 tr.</subfield>
   <subfield code="b">minh họa</subfield>
   <subfield code="c">24cm</subfield>
  </datafield>
  <datafield tag="520" ind1="3" ind2=" ">
   <subfield code="a">Nội dung sách sẽ đưa bạn đọc tìm hiểu nghệ thuật tiếp thị, quảng cáo bằng ngôn từ. Tác giả chia sẽ những kinh nghiệm về ranh giới, xu hướng trong những điều Copywriter viết ra,  bối cảnh biến sản phẩm thành điều khách hàng cần, ba thời kỳ của Marketing thương hiệu, điều kiện cần để quảng cáo của bạn được lưu truyền trên thị trường.</subfield>
  </datafield>
  <datafield tag="653" ind1=" " ind2=" ">
   <subfield code="a">Tham khảo</subfield>
  </datafield>
  <datafield tag="700" ind1="1" ind2=" ">
   <subfield code="a">Nguyễn Thùy Dung</subfield>
   <subfield code="e">Dịch</subfield>
  </datafield>
  <datafield tag="942" ind1=" " ind2=" ">
   <subfield code="2">ddc</subfield>
   <subfield code="c">BK</subfield>
  </datafield>
  <datafield tag="952" ind1=" " ind2=" ">
   <subfield code="0">0</subfield>
   <subfield code="1">0</subfield>
   <subfield code="2">ddc</subfield>
   <subfield code="4">0</subfield>
   <subfield code="6">659_100000000000000_TH500</subfield>
   <subfield code="7">0</subfield>
   <subfield code="9">29204</subfield>
   <subfield code="a">000001</subfield>
   <subfield code="b">000001</subfield>
   <subfield code="d">2024-06-18</subfield>
   <subfield code="o">659.1 Th500</subfield>
   <subfield code="p">TK.04331</subfield>
   <subfield code="r">2024-06-18</subfield>
   <subfield code="v">189000.00</subfield>
   <subfield code="w">2024-06-18</subfield>
   <subfield code="y">BK</subfield>
  </datafield>
  <datafield tag="980" ind1=" " ind2=" ">
   <subfield code="a">Thư viện Trường Đại học Nam Cần Thơ</subfield>
  </datafield>
 </record>
</collection>
